[Event "Wch Juvenil 2010 sub18 Femenino"]
[Site "Porto Carras GRE"]
[Date "2010.10.22"]
[Round "3.12"]
[White "Warakomska, Anna"]
[Black "Gorozhankina, Julia"]
[Result "1-0"]
[WhiteElo "2188"]
[BlackElo "2069"]
[PlyCount "115"]
[EventDate "2010.10.20"]
[EventType "swiss"]
[EventRounds "11"]
[EventCountry "GRE"]
[Source "lmi"]
[SourceDate "2010.10.20"]

1. e4 e6 2. d4 d5 3. Nc3 Nf6 4. e5 Nfd7 5. f4 c5 6. Nf3 Nc6 7. Be3 cxd4 8. Nxd4
Bc5 9. Qd2 O-O 10. O-O-O a6 11. Qf2 Nxd4 12. Bxd4 b6 13. Bd3 f6 14. Qh4 g6 15.
Ne2 Qc7 16. exf6 Bxd4 17. Nxd4 Nxf6 18. Rhe1 Nh5 19. g3 Ng7 20. Re5 Qd6 21.
Rde1 Ra7 22. Qh6 Nf5 23. Bxf5 exf5 24. Qh3 Qc5 25. c3 Qc4 26. Kb1 b5 27. Qg2
Rd7 28. Qd2 Bb7 29. Qe3 b4 30. Re8 Rdf7 31. Rxf8+ Rxf8 32. cxb4 Bc8 33. a3 Qc7
34. Rc1 Qd7 35. Nf3 Bb7 36. Ne5 Qe6 37. Rc7 d4 38. Qxd4 Bd5 39. Kc1 Rc8 40.
Rxc8+ Qxc8+ 41. Qc5 Qa8 42. Qc7 Bb3 43. Nc6 Qe8 44. Qb8 Qxb8 45. Nxb8 Bc4 46.
Nd7 Bb5 47. Nc5 Kf7 48. a4 Bf1 49. Kd2 Ke7 50. Ke1 Bc4 51. b3 Bd5 52. Kd2 Kd6
53. Nxa6 Bxb3 54. Nc5 Bd5 55. Kc3 Kc6 56. Kd4 Kd6 57. b5 h6 58. a5 1-0

[Event "Wch Juvenil 2010 sub18 Femenino"]
[Site "Porto Carras GRE"]
[Date "2010.10.24"]
[Round "6.1"]
[White "Bulmaga, Irina"]
[Black "Kazimova, Narmin Nizami"]
[Result "1/2-1/2"]
[WhiteElo "2267"]
[BlackElo "2260"]
[PlyCount "60"]
[EventDate "2010.10.20"]
[EventType "swiss"]
[EventRounds "11"]
[EventCountry "GRE"]
[Source "lmi"]
[SourceDate "2010.10.20"]

1. e4 c5 2. Nf3 d6 3. Bb5+ Nd7 4. O-O Ngf6 5. Re1 a6 6. Bf1 Ne5 7. h3 e6 8. c3
b5 9. a4 Bd7 10. axb5 axb5 11. Rxa8 Qxa8 12. d4 Nxf3+ 13. Qxf3 c4 14. g4 h6 15.
Bg2 Be7 16. Qg3 d5 17. exd5 Nxd5 18. Qe5 O-O 19. Bxd5 exd5 20. Qc7 Qd8 21. Qxd8
Bxd8 22. Na3 f5 23. Re5 Re8 24. Rxe8+ Bxe8 25. gxf5 Bd7 26. Kg2 Kf7 27. Bf4 Be7
28. Kg3 Bxa3 29. bxa3 Bxf5 30. h4 h5 1/2-1/2

[Event "Wch Juvenil 2010 sub18 Femenino"]
[Site "Porto Carras GRE"]
[Date "2010.10.26"]
[Round "7.3"]
[White "Bezgodova, Maria"]
[Black "Bulmaga, Irina"]
[Result "1/2-1/2"]
[WhiteElo "2170"]
[BlackElo "2267"]
[PlyCount "112"]
[EventDate "2010.10.20"]
[EventType "swiss"]
[EventRounds "11"]
[EventCountry "GRE"]
[Source "lmi"]
[SourceDate "2010.10.20"]

1. e4 c6 2. d3 d5 3. Nd2 e5 4. Ngf3 Bd6 5. d4 exd4 6. exd5 cxd5 7. Nxd4 Nc6 8.
Bb5 Nge7 9. O-O O-O 10. Nxc6 bxc6 11. Bd3 Bf5 12. Nf3 Bg6 13. b3 Qc7 14. Re1
Rad8 15. h3 Nf5 16. Bb2 Rfe8 17. Qd2 f6 18. Rxe8+ Rxe8 19. c4 Qf7 20. Rd1 Ne7
21. cxd5 Bxd3 22. Qxd3 Nxd5 23. Qc4 Rc8 24. Nd4 Nb6 25. Qxf7+ Kxf7 26. Nf5 Bf8
27. Ne3 Be7 28. Kf1 g6 29. Ke2 Ke6 30. f4 Nd5 31. Kf3 Nxe3 32. Kxe3 Rd8 33. Rc1
c5 34. Ba3 Rd5 35. Bb2 h5 36. Rc4 Kf5 37. g3 Rd1 38. Ra4 Rd7 39. Ra5 Ke6 40.
Ra6+ Bd6 41. Ra4 f5 42. Rc4 Kd5 43. Kf3 Re7 44. Rc1 Re4 45. Bf6 Ke6 46. Bd8 Rd4
47. Re1+ Kf7 48. Re2 Rd3+ 49. Re3 Rd2 50. Re2 Rxe2 51. Kxe2 Ke6 52. Kd3 Kd5 53.
h4 a6 54. a4 Bb8 55. Bb6 Kc6 56. Ba5 Kd5 1/2-1/2